00476 2200181 4500001002100000005001700021008004100038035002400079090002100103100002000124245003800144250001600182260003300198300002300231650001000254850001500264999001500279YOGYA-021100000010802011020208230625 ind  0010-021100000001080 aDEP 297.43 Ham H aHamid, H. Zahri aHarta dan milik dalam hukum Islam aEd.1, Cet.1 aYogyakartabBina Usahac1985 aVI, 78 hlm.; 21 cm aFiqih aYOPDYOG[B] aP000027207